BA - Východné ukončenie Dunajského nábrežia - urbanisticko-architektonická štúdia rozvoja územia vo východnom ukončení CMC
Enregistré dans:
| Auteur principal: | |
|---|---|
| Autres auteurs: | |
| Format: | Manuscrit Livre |
| Langue: | slovaque |
| Publié: |
Bratislava
2015
|
| Sujets: | |
| Accès en ligne: | http://is.stuba.sk/zp/portal_zp.pl?podrobnosti=112511 |
| Tags: |
Pas de tags, Soyez le premier à ajouter un tag!
|
MARC
| LEADER | 00000ntm a22000003a 4500 | ||
|---|---|---|---|
| 001 | stuzp51840 | ||
| 003 | SK-STU | ||
| 005 | 20210309091703.4 | ||
| 007 | ta | ||
| 008 | 150427s2015----xo-----f-mn---000-0-slo-d | ||
| 040 | |a STU |b slo | ||
| 041 | 0 | |a slo | |
| 100 | 1 | |a Špiner, Ján, |d 1990- |u 056160 |4 aut |U FAD Fakulta architektúry a dizajnu |U FAD Fakulta architektúry |T FA Ústav urbanizmu a územného plánovania |X 68386 |U A6160 |Y 397 |7 A000068386 | |
| 242 | 0 | 1 | |a BA - Východné ukončenie Dunajského nábrežia - urbanisticko-architektonická štúdia rozvoja územia vo východnom ukončení CMC |y eng |
| 245 | 1 | 0 | |a BA - Východné ukončenie Dunajského nábrežia - urbanisticko-architektonická štúdia rozvoja územia vo východnom ukončení CMC |
| 260 | |c 2015 |a Bratislava | ||
| 650 | 4 | |a vertikály |2 slo | |
| 650 | 4 | |a verejný priestor |2 slo | |
| 650 | 4 | |a organická forma |2 slo | |
| 650 | 4 | |a Blocks |2 eng | |
| 650 | 4 | |a organic forms |2 eng | |
| 650 | 4 | |a organic structure |2 eng | |
| 700 | 1 | |a Kaliská, Dagmar, |d 1946- |4 ths |X 421 |7 A000000421 | |
| 856 | 4 | |u http://is.stuba.sk/zp/portal_zp.pl?podrobnosti=112511 |u https://opac.crzp.sk/?fn=detailBiblioForm&sid=E75B5E22D326BA6A99A192CFFF20 | |
| SQL | |a stuzp51840 |b DDP |c SLO |d BA - Východné ukončenie Dunajského nábrežia - urbanisticko-architektonická štúdia rozvoja územia vo východnom ukončení CMC |e 68386 |f Špiner, Ján |g 056160 |h 421 |i Kaliská, Dagmar |j 20150604 |k 159 |l 05 |m http://is.stuba.sk/zp/portal_zp.pl?podrobnosti=112511 |n I-URB |o 5.1.1. architektúra a urbanizmus | ||